000 00976 a2200157 4500
005 20250516131940.0
020 _a0-256-08324-X
082 _a658.401 PEA
100 _aPEARCE II, J .A .
245 _aFormulation, Implementation ,and Control of Competitive Strategy
250 _a4th Ed.
260 _aBoston,
_bIrwin,
_c1991.
300 _axx, 390p.: ill.; figure, table,
_bindex,
_c23cm.
700 _aROBINSON, JR, R .B .
942 _2ddc
_cBKS
999 _c2409
_d2409